000 00279nam a22001217a 4500
082 _a574
_bRAT/B
100 _aDr.V.S.RATHORE
245 _aFULLMARKS BIOLOGY
_bCLASS XII
260 _aDELHI
_bFULLMARKS PVT LTD
300 _a412
650 _aBIOLOGY FOR CLASS XII
_zINDIA
942 _cBK
999 _c719
_d719